Spanish Desert Vocabulary - Statistics

General Stats
  • This quiz has been taken 102 times
  • The average score is 12 of 22
Answer Stats
Hint Answer % Correct
Hot Caliente
88%
Climate Clima
82%
Heat Calor
81%
Desert Desierto
81%
Sand Arena
75%
Tortoise Tortuga
74%
Dry Seco
71%
Rock Roca
69%
Snake Culebra
67%
Tarantula Tarántula
64%
Cactus Cacto
63%
Coyote Coyote
63%
Southwest Suroeste
58%
Canyon Cañón
51%
Dune Duna
51%
Scorpion Escorpión
49%
Lizard Lagarto
31%
Vulture Buitre
15%
Drought Sequía
15%
Hare Liebre
10%
Brush Maleza
3%
Tumbleweed Rodadora
1%
No matching quizzes found
Score Distribution
Percent of People with Each Score
Percentile by Number Answered
Your Score History
You have not taken this quiz